000 00795nam a2200253Ia 4500
003 OSt
005 20221005100938.0
006 a|||||r|||| 00| 0
007 ta
008 221004b |||||||| |||| 00| 0 eng d
020 _a9781409403432 (pbk)
_c1328.02
024 _a107170
037 _b103, 11/02/2011, Indu Book Services
_cTextual
040 _aCRL
_cCRL
_beng
041 _2eng
_aeng
082 _aYjN42, P8
100 _aBarker Eileen Ed.
_9621573
245 0 _aCentrality of religion in social life
_b Essays in honour of James A. Beckford
260 _aSurrey
_bAshgate England
_c2008
300 _axi,247p.
_ccm.
650 _aSOCIOLOGY
942 _hYjN42, P8
_cTEXL
_2cc
999 _c1005971
_d1005971